00553nam a2200193 a 4500001001300000003000900013005001700022008004100039020002300080082002300103100002000126245005800146260004400204300000900248500003500257505001000292650003700302700002000339nice12345678IN_TiNIC20260116013048.0050524s1985 newa grp 000 0 eng  a0300153 c29400a320.550917671bSIV aSivan, Emmanuel aRadical Islamb Medieval Theology and Modern Politics aNew HavenbYale University Press c1985 a238p aincludes index and biblioraphy2 aIndex aReligious Fundamentalism-Islamic1 aSivan, Emmanuel